Podnikanie slovenských podnikov v cestovnom ruchu v daňových rajoch

Podstata podnikania v daňových rajoch. Aktuálny stav slovenských podnikov cestovného ruchu, ktoré majú majiteľa so sídlom v daňových rajoch.

Guardado en:
Detalles Bibliográficos
Autor principal: Ištok, Michal
Otros Autores: Al Khouri, Barbara
Formato: Capítulo de libro
Lenguaje:eslovaco
Materias:
Etiquetas: Agregar Etiqueta
Sin Etiquetas, Sea el primero en etiquetar este registro!

MARC

LEADER 00000naa a2200000 4500
001 0216313
005 20221019174326.7
041 0 |a slo 
044 |a SK 
245 1 0 |a Podnikanie slovenských podnikov v cestovnom ruchu v daňových rajoch  |c Michal Ištok, Barbara Al Khouri 
520 |a Podstata podnikania v daňových rajoch. Aktuálny stav slovenských podnikov cestovného ruchu, ktoré majú majiteľa so sídlom v daňových rajoch. 
610 2 0 |a raje daňové 
610 2 0 |a ruch cestovný 
610 2 0 |a Slovensko 
610 2 0 |a podnikanie 
100 1 |a Ištok, Michal 
700 1 |a Al Khouri, Barbara